A floresta (Registo nº 1840)

Detalhes MARC
000 -Etiqueta do registo
Cabeçalho 00877nam a22002891 4500
005 - Identificador da versão
Campo de controlo 20240813121917.0
010 ## - Número internacional normalizado dos livros (ISBN)
Número (ISBN) 9726611946
021 ## - Número do Depósito Legal
Código do país PT
Número 205844/04
100 ## - Dados gerais de processamento
Dados gerais de processamento 20070515d2004 da y0pory5003 ba
102 ## - Pais de publicação ou produção
País de publicação Portugal
101 0# - Língua de publicação
Língua do texto, banda sonora, etc. Português
106 ## - Campo de dados codificados: material textual
Dados codificados do material textual r
105 ## - Campo de dados codificados: livros
Dados codificados dos livros a z 000fy
215 ## - Descrição física 
Indicação específica da natureza do documento e extensão da espécie 69 p.
Outras indicações físicas il.
Dimensões 20 cm
200 1# - Titulo e menção de responsabilidade
Título próprio A floresta
Primeira menção de responsabilidade Sophia de Mello Breyner Andresen
Outras menções de responsabilidade il. Teresa Olazabal Cabral
210 ## - Publicação, Distribuição, etc. 
Lugar da edição, distribuição, etc. Porto
Nome do editor, distribuidor, etc. Figueirinhas
Data da publicação, distribuição, etc. D.L. 2004
300 ## - Notas gerais 
Texto da nota Obra integrada no Plano Nacional de Leitura
606 ## - Nome comum usado como assunto
Número de registo de entrada de autoridade 0000364
Palavra de ordem Literatura portuguesa infanto-juvenil
Subdivisão de assunto Conto
675 ## - Classificação Decimal Universal (CDU)
Notação 821.134.3-34
Edição
Língua da edição por
702 #1 - Nome de autor-pessoa física (responsabilidade secundária)
Número de registo de entrada de autoridade 0000368
Palavra de ordem Cabral
Outra parte do nome não tomada para palavra de ordem Teresa Olazabal
Código de função Ilustrador / Técnico de desenho computorizado
700 #1 - Nome de autor-pessoa física (responsabilidade principal)
Número de registo de entrada de autoridade 0000367
Palavra de ordem Andresen
Outra parte do nome não tomada para palavra de ordem Sophia de Mello Breyner
Datas 1919-2004
942 ## - Elementos de entrada adicionados (Koha)
Tipo de item no Koha Livro
Exemplares
Situação do levantamento Origin of item (home branch) (coded) Biblioteca de empréstimo Código de barras Cota Data de devolução Circulation type (not for loan) Tipo de documento Nota do exemplar Damaged status
  Biblioteca Escolar da Coca Maravilhas Biblioteca Escolar da Coca Maravilhas BECM6945 8POR AND     Livro Sem mensagem  
  Biblioteca Escolar da Coca Maravilhas Biblioteca Escolar da Coca Maravilhas BECM7929 8POR AND     Livro Sem mensagem  
  Biblioteca Escolar da Coca Maravilhas Biblioteca Escolar da Coca Maravilhas BECM7930 8POR AND     Livro Sem mensagem